000 00445nam a2200181Ia 4500
008 221030s9999 xx 000 0 und d
020 _a8120305965
041 _aEnglish
082 _a105.23
_bKer
100 _aB. W. Kernighan
245 4 _aThe C Programming Lanugage
_cby B. W. Kernighan, D. M. Ritchie
250 _a2nd
260 _bPHI
_aDelhi
_c2006
300 _a272
650 _aBE Computer
700 _aD. M. Ritchie
942 _cBK
999 _c3352
_d3352